00000000nam##2200000za#4500
0019.681268
003CaOODSP
00520200330070410
007ta
008150407|2000||||xxc|||||     f|0| 0 fre|d
020 |a0-662-84560-9
040 |aCaOODSP|bfre
043 |an-cn---
0861 |aMR21-21/2000F
1101 |aCanada.|bConseil de recherches médicales du Canada.
24513|aUn héritage d'excellence, 1960-2000
260 |aOttawa - Ontario : |bConseil de recherches médicales |c2000.
300 |a84p. : |bill. ; |c15 cm.
500 |aN.B.: Cette publication a déjà été signalée dans la Liste hebdomadaire 2000 n° 17 (le 4 avril 2000).
563 |aCouverture souple
590 |a00-36|b2000-09-08
69107|aRecherche médicale|2gcpds
69107|aFutur|2gcpds
69107|aHistoire|2gcpds
69107|aCommémoration|2gcpds
77508|tA legacy of excellence 1960-2000 |w(CaOODSP)9.647887
7760#|tUn héritage d'excellence, 1960-2000 |w(CaOODSP)9.640503